| 000 | 01038cad a22002055a 4500 | ||
|---|---|---|---|
| 001 | E155050 | ||
| 008 | 120221s2009 xxk f 000 0 eng d | ||
| 035 | _a(Sirsi) u155050 | ||
| 041 | 0 | _aeng | |
| 110 | 2 |
_aGeoff Peart Consulting _94207 |
|
| 245 | 0 | 0 |
_aSurvey of LA policies, staffing and resources for the historic environment in Scotland _h[electronic resource] |
| 260 |
_aEdinburgh _bHistoric Scotland _c2009 |
||
| 520 | _aSets out the results of research into the historic environment policies, staffing and resources of local authorities in Scotland. Looks at the effectiveness of such services and the potential impact on the future management of Scotland's historic environment. | ||
| 651 | 4 |
_aScotland _y1999- |
|
| 690 | _aConservation and restoration | ||
| 690 |
_aPlanning and development _96259 |
||
| 710 | 1 | _aArup Planning | |
| 856 | 4 | 0 |
_uhttps://www.historic-scotland.gov.uk/index/learning/publications/publicationsresultsdetail.htm?id=4f42fb6f7 _zView the item free of charge at www.historic-scotland.gov.uk |
| 942 | _n0 | ||
| 999 |
_c113300 _d113300 |
||